00778 a2200205 4500020001500000040000800015082001000023100002600033245009400059260005300153300003400206500002000240650005100260650003600311700002200347700002000369942002300389999001500412952014500427 a0136298257 aDLC00a005.12 aWirfs-Brock, Rebecca.10aDesigning object-oriented software cRebecca Wirfs-Brock, Brian Wilkerson, Lauren Wiener. aEnglewood Cliffs, N.J. :bPrentice Hall,cc1990. axix, 341 p. :bill. ;c24 cm. aIncludes index. 0aObject-oriented programming (Computer science) 0aComputer softwarexDevelopment.1 aWilkerson, Brian.1 aWiener, Lauren. cBKk005.1 WIR2ddc c5852d5852 001040708NFICaCLbCLcSEd2002-11-04eProgressive International Agenciesg3625.13l0o005.1 WIRpSEECS002592r2012-11-14w2017-01-05yBK